000 00766nam a22002055i 4500
001 164958
003 ES-MaACL
005 20250815164345.0
008 050810s1874 sz | |||||||| ||fre d
040 _aCAM
_bspa
_cCAM
100 1 _aScholl, Jules-Charles.
_9132567
245 1 2 _aL'islam et son fondateur
_b: étude morale /
_cpar Jules-Charles Scholl; avec un tableau généalogique de la famille de Mahomet.
260 _aNeuchatel :
_bLibrairie Générale de Jules Sandoz,
_c1874 (
_fImprimerie de James Attinger)
300 _aXIV, 461 p., [1] h. pleg. ;
_c21 cm.
650 7 _aIslamismo
_2embne
_913903
700 1 _aSandoz, Jules,
_eed.
_9132409
752 _aSuiza -
_dNeuchatel
852 _aES-MaACL
_jD-4860
_z-- Enc. hol.
999 _c164958
_d164958